|
|
|
|
| LEADER |
01025nam a2200337 4500 |
| 001 |
DLU090065207 |
| 005 |
##20090312 |
| 040 |
# |
# |
|a DLU
|b vie
|
| 041 |
# |
# |
|a vie
|
| 044 |
# |
# |
|a vn
|
| 082 |
# |
# |
|a 338.761 025 04
|b BA-J
|
| 100 |
# |
# |
|a Battelle, John.
|
| 245 |
# |
# |
|a Công cụ tìm kiếm : Hành trình thuật lại các quy luật kinh doanh và thay đổi nền văn hóa của Google và các đối thủ cạnh tranh =
|b The search /
|c John Battelle; Nguyễn Thị Thu Hiền, Nguyễn Thị Hằng Mi dịch.
|
| 246 |
# |
# |
|a The search.
|
| 260 |
# |
# |
|a H. :
|b Tri thức,
|c 2008.
|
| 300 |
# |
# |
|a 468 tr. ;
|c 21 cm.
|
| 653 |
# |
# |
|a Internet
|
| 653 |
# |
# |
|a Truy cập trực tuyến
|
| 700 |
# |
# |
|a Nguyễn Thị Hằng Mi,
|e dịch.
|
| 700 |
# |
# |
|a Nguyễn Thị Thu Hiền,
|e dịch.
|
| 923 |
# |
# |
|a 22/2008
|
| 991 |
# |
# |
|a SH
|
| 992 |
# |
# |
|a 65000
|
| 994 |
# |
# |
|a DLU
|
| 900 |
# |
# |
|a True
|
| 911 |
# |
# |
|a Đào Thị Thu Huyền
|
| 925 |
# |
# |
|a G
|
| 926 |
# |
# |
|a A
|
| 927 |
# |
# |
|a SH
|
| 980 |
# |
# |
|a Thư viện Trường Đại học Đà Lạt
|